000 00700nam a22002177a 4500
999 _c59814
_d59814
003 Ge_BSU
005 20230627171931.0
008 230424s2022 enk||||| |||| 00| 0 eng d
020 _a9781071822814 x
041 _aeng
080 _a159.97+616.89-008 W-68
100 _a Wilmshurst, Linda
_917746
245 _aChild and Adolescent Psychopathology:
_bA Casebook /
_cLinda Wilmshurst.
250 _aFifth edition
264 _aLos Angeles :
_bSage,
_c2022.
300 _a644 p. ;
_b23 cm.
504 _abibliogr. p. 621-624
653 _aბავშვთა და მოზარდთა ფსიქოპათოლოგია
653 _aმედიცინა
942 _2udc
_cBK